Nový směr energetické politiky v USA?

Energetická a enviromentálna politika z pohľadu Donalda Trumpa a Joea Bidena v USA. Nárast ťažby ropy a plynu v USA. Ochrana klímy. Ochrana krajiny pred drillingom a frackingom. Parížska dohoda.

Gespeichert in:
Bibliographische Detailangaben
1. Verfasser: Dytrych, Simon
Format: Buchkapitel
Sprache:Tschechisch
Schlagworte:
Tags: Tag hinzufügen
Keine Tags, Fügen Sie das erste Tag hinzu!

MARC

LEADER 00000naa a2200000 4500
001 0270797
005 20201217151123.7
041 0 |a cze 
044 |a CZ 
245 1 0 |a Nový směr energetické politiky v USA?  |c Simon Dytrych 
520 |a Energetická a enviromentálna politika z pohľadu Donalda Trumpa a Joea Bidena v USA. Nárast ťažby ropy a plynu v USA. Ochrana klímy. Ochrana krajiny pred drillingom a frackingom. Parížska dohoda. 
610 2 0 |a politika environmentálna 
610 2 0 |a politika energetická 
610 2 0 |a USA 
100 1 |a Dytrych, Simon